Statistics for Lego Ninjago Hunted

Click here to take the quiz!

General Stats

  • This quiz has been taken 12 times
  • The average score is 6 of 10

Answer Stats

HintAnswer% Correct
Episode 85Firstbourne
100%
Episode 92Saving Faith
86%
Episode 86Iron and Stone
71%
Episode 87Radio Free Ninjago
71%
Epsiode 94Green Destiny
57%
Episode 88How to Build a Dragon
57%
Episode 93Lessons for a Master
57%
Episode 89The Gilded Path
57%
Episode 91The Weakest Link
57%
Episode 90Two Lies, One Truth
29%

Score Distribution

Percentile by Number Answered

Percent of People with Each Score

Your Score History

You have not taken this quiz